000 00552nam a2200193Ia 4500
005 20250508160702.0
008 008 250505s9999 xx 000 0 eng d
037 _aTextual
040 _aFEDL
_beng
_cFEDL
041 _aeng
_2eng
084 _a338.10942, JON
_qFEDL
100 _aJones E. L.
245 0 _aAgriculture and economic growth in england 1650-1815
260 _aLondon, UK
_bMethuen and Co. Ltd.
_c1967
300 _aix,195p.
650 _aEconomics
942 _cTEXL
_h338.10942, JON
999 _c1366030
_d1366030